Animals starting with w - Statistics

General Stats
  • This quiz has been taken 79 times
  • The average score is 11 of 24
Answer Stats
Picture Answer % Correct
walrus
100%
whale
100%
wasp
96%
wolf
96%
warthog
90%
wallaby
85%
weasel
81%
woodpecker
65%
worm
50%
wildcat
46%
wolverine
44%
wombat
44%
whippet
40%
wild boar
38%
water buffalo
33%
wilderbeest
23%
woodlouse
15%
walleye
10%
water dragon
10%
wagtail
6%
wapiti
4%
water vole
4%
western lowland gorilla
4%
wrasse
4%
No matching quizzes found
Score Distribution
Percent of People with Each Score
Percentile by Number Answered
Your Score History
You have not taken this quiz